Brazylijczycy w Premier League - Statystyki

Ogólne statystyki
  • Ten quiz został rozwiązany 50 razy
  • Średni wynik to 9 z 15
Answers on the Grid
Answers color-coded by a green-red scale on the quiz's grid according to % correct below.
Roberto Firmino
Marcelo
Ronaldinho
Dani Alves
Casemiro
Filipe Luis
Oscar
Diego
Vitinho
Rivaldo
Giovane Élber
Bruno Guimaraes
Gabriel Magalhães
Lucas Leiva
Romario
Roberto Carlos
Denilson
Luis Gustavo
Douglas Luiz
Philippe Coutinho
Heurelho Gomes
Luís Fabiano
Zé Roberto
Júlio Baptista
Djalminha
Fabinho
Eder Militao
Juninho Paulista
Ailton
Gilberto Silva
 
Statystyki odpowiedzi
Odpowiedź % Poprawnych
Roberto Firmino
98%
Casemiro
91%
Oscar
91%
Bruno Guimaraes
80%
Philippe Coutinho
77%
Fabinho
73%
Douglas Luiz
68%
Filipe Luis
66%
Lucas Leiva
64%
Gabriel Magalhães
61%
Heurelho Gomes
32%
Gilberto Silva
30%
Júlio Baptista
16%
Juninho Paulista
14%
Vitinho
7%
Nie znaleziono quizów pasujących do podanych kryteriów
Rozkład punktacji
Procent ludzi z każdym wynikiem
Percentyl według liczby udzielonych odpowiedzi
Twoja historia wyników
Nie rozwiązałeś tego quizu